Orbita de Marta Brunet

Furkejuvvon:
Bibliográfalaš dieđut
Váldodahkki: López Morales, Berta
Materiálatiipa: Girji
Giella:Undetermined
Almmustuhtton: Concepción, Chile Andalién 1997
Fáttát:
Fáddágilkorat: Lasit fáddágilkoriid
Eai fáddágilkorat, Lasit vuosttaš fáddágilkora!

MARC

LEADER 00000nam a2200000Ia 4500
008 170316s9999 xx 000 0 und d
040 |a cru BVZT 
090 |a 860 L-23o 
100 |a López Morales, Berta 
245 |a Orbita de Marta Brunet 
260 |a Concepción, Chile 
260 |b Andalién 
260 |c 1997 
300 |a 93 páginas 
650 |a LITERATURA LATINOAMERICANA 
999 |c 8874  |d 8874 
942 |c 15 D  |h 860 L-23o  |2 z